000 00940nam a2200181Ia 4500
008 100920s9999 xx 000 0 und d
082 _b22962
_a28 व 51 थ 66
100 _aकृष्णाजी लक्ष्मण.
245 _aनि:स्वार्थी भारतसेवक नामदार गोपाळ कृष्ण गोखले.
260 _bवोरा ऍण्ड कंपनी पब्लिशर्स प्रा.लि.मुंबई.
_c1966
300 _a76
_bसाधी
365 _b2
520 _aबा. वि चरित्र.
630 _aनि:स्वार्थी भारतसेवक नामदार गोपाळ कृष्ण गोखले.
650 _aबा. वि चरित्र.
730 _aनि:स्वार्थी भारतसेवक नामदार गोपाळ कृष्ण गोखले.
942 _cBOOK
999 _c682098
_d682095